|
|
|
|
| LEADER |
00605cam a2200193 7i4500 |
| 001 |
0000024875 |
| 005 |
20220119090000.0 |
| 020 |
0 |
0 |
|a 978-92--9137-378-9
|
| 090 |
0 |
0 |
|a B 658.84
|b SEC
|
| 245 |
0 |
0 |
|a Secrets of electronic commerce :
|b a guide for small and medium-sized exporters.
|
| 250 |
0 |
0 |
|a 2nd ed..
|
| 260 |
0 |
0 |
|a Geneva:
|b ITC,
|c 2009.
|
| 300 |
# |
# |
|a 196 p.
|
| 440 |
0 |
0 |
|a Export impact for good
|
| 650 |
0 |
0 |
|a Small and medium enterprises
|
| 650 |
0 |
0 |
|a Electronic commerce
|
| 650 |
0 |
0 |
|a Internet marketing
|
| 710 |
2 |
1 |
|a International Trade Centre (ITC)
|
| 999 |
|
|
|a 0000027143
|b Book
|c Book
|e Business Information Centre
|